Arcane 17 : ente d'ajours /
Guardado en:
| Autor Principal: | |
|---|---|
| Formato: | Libro |
| Publicado: |
Paris :
Jean-jacques Pauvert,
1965
|
| Materias: | |
| Etiquetas: |
Agregar Etiqueta
Sin Etiquetas, Sea el primero en etiquetar este registro!
|
| LEADER | 00467nam a22001575a 4500 | ||
|---|---|---|---|
| 001 | EHU.bham009821 | ||
| 003 | AR-BHAM | ||
| 005 | 20080104180559.0 | ||
| 008 | 130507s1965##################000#0#####d | ||
| 082 | 8 | 4 | |a 848.9 |
| 100 | 1 | |a Breton, Andre | |
| 245 | 1 | 0 | |a Arcane 17 : |b ente d'ajours / |c Andre Breton |
| 260 | |a Paris : |b Jean-jacques Pauvert, |c 1965 | ||
| 300 | |a 183 p. | ||
| 653 | |a Miscelanea francesa-1901- | ||
| 859 | |a AR-BHAM |b BIB. HUMANIDADES - General |h 848.9 |i B756-5 |p 99178.74 |t Ej.1 | ||
